| 000 | 00600nam a2200205 a 4500 | ||
|---|---|---|---|
| 999 |
_c6294 _d6294 |
||
| 001 | 6294 | ||
| 003 | BD-JhCC | ||
| 005 | 20190303134006.0 | ||
| 008 | 180120s2001 bg |||| |||| 00| 0 ben d | ||
| 035 | _a(BD-JhCC) | ||
| 040 |
_aBD-JhCC _dBD-JhCC |
||
| 041 | _aben | ||
| 082 |
_a297.363 _bRUB 2001 |
||
| 100 | _aবড়ুয়া, রুবী | ||
| 245 |
_aজাতকের কাহিনী / _cরুরী বড়ুয়া |
||
| 260 |
_aঢাকা: _bসাহিত্য প্রকাশ; _c২০০১ |
||
| 300 |
_a৯৫ p;, _c22 cm |
||
| 650 | _aBuddha | ||
| 942 |
_2ddc _cBK _01 |
||